000 01633nam a22002177a 4500
005 20220322152040.0
008 220314b ||||| |||| 00| 0 eng d
020 _a9789350901878
040 _cAL
041 _aeng
082 _223
_a614.44
_bROYM
100 _aRabindra Nath Roy
_923565
245 _aMahajan and Gupta textbook of preventive and social medicine
250 _a4th ed.
260 _aNew Delhi
_bJaypee Brothers Medical Publishers
_c2013
300 _axvii,703p.
_bPB.
_c27x21cm.
365 _2General
_aVBI-1343
_b₹1012.50
_c
_d₹1350.00
_e25C%
_f21-02-2022
520 _aAlmost all the chapters have been thoroughly revised and updated in this edition; notably among those are emiologycommunicable and noncommunicable diseases, MCH and family planning, management, demography and vital statistics, disaster, biomedical waste management, food and nutrition, immunization, geriatrics, communication, etc. National Health Programs have also been thoroughly revised and updated. New data have been incorporated, wherever applicable. Latest SRS and census data have also been included. Various domains that are of importance, both in theory, practical and viva of MBBS examination have been highlighted with examples and justification. Many postgraduate study materials have also been incorporated with references for further reading. Various flow charts, diagrams and pictures have been introduced for clarity of understanding. Students will be benefited for their preparation in answering MCQ for their Postgraduate Entrance Examination.
650 _2Public Health
_aMedicine Health
_923566
942 _2ddc
_cBK
999 _c221856
_d221856